000 00262nam a2200109Ia 4500
008 200302s9999 xx 000 0 und d
100 _aNaomi Stungo
245 _aThe new Wood Architecture
260 _bLaurnce King Publishing
260 _c1998
300 _a240 P.,
999 _c2099
_d2099